000 00616nam a2200205Ia 4500
005 20250508155732.0
008 008 250505s9999 xx 000 0 eng d
020 _a0-04-370034-9
037 _aTextual
040 _aFEDL
_beng
_cFEDL
041 _aeng
_2eng
084 _a377, KAY
_qFEDL
100 _aKay William
245 0 _aMoral development: A psychological study of moral growth from childhood to adolescence
260 _aLondon, UK
_bGeorge Allen and Unwin Ltd.
_c1970
300 _a270p.
490 _aUnwin education book: 2
942 _cTEXL
_h377, KAY
999 _c1359019
_d1359019